La construcción guiada del conocimiento: el habla de profesores y alumnos
Guardat en:
| Autor principal: | |
|---|---|
| Format: | Llibre |
| Idioma: | espanyol |
| Publicat: |
Barcelona
Paidós
1997
|
| Col·lecció: | Temas de Educación, 41
|
| Matèries: | |
| Etiquetes: |
Afegir etiqueta
Sense etiquetes, Sigues el primer a etiquetar aquest registre!
|
MARC
| LEADER | 00000nam a2200000 a 4500 | ||
|---|---|---|---|
| 001 | UCS7257 | ||
| 003 | CL-VaPUC | ||
| 008 | 971010e19970000SP |||||||||||||||||spa|d | ||
| 020 | |a 8449303222 | ||
| 082 | 0 | 4 | |a 370.15 |b MER |2 21 |
| 100 | |a Mercer, Neil |e autor |9 392426 | ||
| 245 | 1 | 3 | |a La construcción guiada del conocimiento: el habla de profesores y alumnos |
| 300 | |a 145 p | ||
| 942 | |c BK | ||
| 945 | |d 19971010 00:00:00 |a jquezada | ||
| 260 | |a Barcelona |b Paidós |c 1997 | ||
| 650 | 0 | |a Aprendizaje |9 254827 | |
| 650 | 7 | |a CONOCIMIENTO |2 CL-VaPUC |9 308991 | |
| 650 | 0 | |a Psicología del aprendizaje |9 306854 | |
| 650 | 7 | |a PROFESOR-ALUMNOS |2 CL-VaPUC |9 392427 | |
| 583 | |a last modification |c 19971010 00:00:00 |k Rodrigo Vera | ||
| 490 | 0 | |a Temas de Educación, 41 | |
| 999 | |c 262476 |d 262474 | ||
| 952 | |0 0 |1 0 |4 0 |6 370_150000000000000_MER_1997 |7 0 |8 A |9 290998 |a BIBEDU |b BIBEDU |d 2019-11-19 |i 3440621 |o 370.15 MER 1997 |p 3440621 |r 2019-11-19 |w 2019-11-19 |y BK |k BME | ||
| 952 | |0 0 |1 0 |4 0 |6 370_150000000000000_MER_1997 |7 0 |8 A |9 290999 |a FDOPOS |b FDOPOS |d 2019-11-19 |i 3353605 |o 370.15 MER 1997 |p 3353605 |r 2025-01-22 |w 2019-11-19 |y BK |k MLA | ||